000 00441nam a22001817a 4500
003 MPLRDC
005 20220104123858.0
008 210129b ||||| |||| 00| 0 eng d
020 _a7-106-01939-9
082 _a308.9 XD
100 _a星动编著
245 _a图说少儿大百科
_c
250 _a初版二刷
260 _a中国
_b电影出版社
_c2005
300 _b260
650 _a少年科学知识
942 _cBK
_o308.9 XD
999 _c14911
_d14901